| 000 | 01716nam a2200205Ia 4500 | ||
|---|---|---|---|
| 999 |
_c18896 _d18896 |
||
| 003 | OSt | ||
| 005 | 20210911113234.0 | ||
| 008 | 160316s2000 xxu||||| |||| 00| 0 eng d | ||
| 020 | _a9780754612629 | ||
| 040 | _cn | ||
| 082 |
_a340.112000 _bBIG |
||
| 100 | _aBiggar Nigel | ||
| 245 | _aThe revival of natural law : Philosophical, theological and ethical responses to the Finnis-Grisez school | ||
| 260 |
_aEngland _bAshgate Publishing Ltd. _c2000 |
||
| 300 |
_a299p _cxiii |
||
| 365 | _bRs.3,344 | ||
| 505 | _aTable of contents Contents: Introduction: The new natural law theory, Rufus Black; Part 1: Philosophical Issues: Natural law revived: natural law theory and contemporary moral philosophy, Timothy Chappell; Grisez and Thomism, Ralph McInerny; The basic dimensions of human flourishing: a comparison of accounts, Sabina Alkire; John Finnis on moral absolutes, Oliver O'Donovan; Part II: Theological Dimensions: Is Grisez's moral theology rationalistic; Free Choice, the human condition, and Christian ethics, GAran Bexell; Is the new natural law theory Christian?, Rufus Black; Karl Barth and Germain Grisez on the human good: an ecumenical rapprochement, Nigel Biggar; Grisez's ecclesiology, the role of moral theologians, and the scope for responsible dissent, Bernard Hoose; Part III: Moral Fields: Respect for life in Germain Grisez's moral theology, Dave Leal; Natural sex: Germain Grisez, sex and natural law, Gareth Moore, O.P.; Grisez on sex and gender: a feminist theological perspective, Lisa Sowle Cahill; The moral standing of nature and the new natural law, Michael Northcott; Conclusion, Nigel Biggar; Index. | ||
| 700 |
_aBlack Rufus _a |
||
| 942 |
_2ddc _cBK |
||